| 000 | 00682nam a2200217 a 4500 | ||
|---|---|---|---|
| 001 | 11699 | ||
| 003 | BD-RjUL | ||
| 005 | 20211208235152.0 | ||
| 008 | 161117s1952 nyu | |||| | eng d | ||
| 035 | _a(BD-RjUL)11748 | ||
| 040 |
_aBD-RjUL _beng _cBD-RjUL _dBD-RjUL |
||
| 041 | _aeng | ||
| 082 |
_223 _a571.45 _bSYM 1952 |
||
| 245 | 0 | 0 |
_aSymposium on radiobiology the basic aspects of radiation effects on living systems / _cJames J. Nickson. |
| 260 |
_aNew York : _bJohn Wiley and Sons, Inc, _c1952. |
||
| 300 |
_a465 p. _c23 cm. |
||
| 500 | _aOberlin college June 14-18, 1950 | ||
| 500 | _aInventory Control Project record. | ||
| 650 |
_aRadiobiology _9165125 |
||
| 942 |
_2ddc _cBK |
||
| 999 |
_c11699 _d11699 |
||